00581cam a22002291 4500001001300000003000400013005001700017008004100034010001700075035002000092040001800112042001200130043001200142050001800154100002600172245003700198260001100235300001900246500001400265650005500279999001700334sa 68011396 DLC20260227112559.0890710s1968 ii 000 0 hino  asa 68011396  a(OCoLC)19987535 aDLCcWaUdDLC apremarc aa-ii---00aPK2040.6b.P31 aParmar, Shyam,d1925-10aAkavitā aura kalā-sandarbha. c[1968] a156 p.c23 cm. aIn Hindi. 0aHindi poetryy20th centuryxHistory and criticism. c83861d83861